00431nam a2200181Ia 4500003000400000005001700004008004100021020001900062040000700081041000800088082001800096100002000114245005200134260002000186300000900206650002200215700001200237OSt20251204155150.0250729s2005 xx 000 0 und d a978-8171418008 cAL aeng a371.9104 REDH aReddy Lokanadha aHearing impairment-an educational consideration aNew Delhic2005 a292p aSpecial Education aRamar R